Označování zásilek

Uložené v:
Podrobná bibliografia
Hlavný autor: Holoubek, Ladislav
Ďalší autori: Lukešová, J.
Médium: Kniha
Jazyk:Czech
Vydavateľské údaje: Bratislava Obzor 1985
Tagy: Pridať tag
Žiadne tagy, Buďte prvý, kto otaguje tento záznam!

MARC

LEADER 00000nam a2200000 4500
001 c110207
005 20041019155146.2
041 0 |a cze 
044 |a SK 
245 1 0 |a Označování zásilek  |c Ladislav Holoubek, Jana Lukešová 
264 1 |a Bratislava  |b Obzor  |c 1985 
300 |a 60 s. 
100 1 |a Holoubek, Ladislav 
700 1 |a Lukešová, J.